Φιλοσοφικά στοιχεία στο γραφιστικό μυθιστόρημα (graphic novel) : τα παραδείγματα του Maus και του Logicomix : διπλωματική εργασία [μεταπτυχιακή εργασία]

Saved in:
Bibliographic Details
Main Author: Πάττα, Ευγενία
Corporate Author: Πανεπιστήμιο Αιγαίου. Σχολή Ανθρωπιστικών Επιστημών. Τμήμα Επιστημών της Προσχολικής Αγωγής και του Εκπαιδευτικού Σχεδιασμού. Μεταπτυχιακό Πρόγραμμα Σπουδών Παιδικό Βιβλίο και Παιδαγωγικό Υλικό
Other Authors: Θεοδωροπούλου, Έλενα Κ. (dgsf)
Format: Thesis Book
Language:Greek
Published: 2016.
Subjects:
Online Access:http://hdl.handle.net/11610/17445
Tags: Add Tag
No Tags, Be the first to tag this record!

MARC

LEADER 00000cam a2200000 a 4500
001 1/111784
008 160909s2016####gr | ||| |||| ||gre||
040 |a GR-MyUa  |b gre  |c GR-MyUa  |e AACR2 
041 0 |a gre 
082 7 |a 741.5   |2 (23) 
100 1 |a Πάττα, Ευγενία. 
245 1 0 |a Φιλοσοφικά στοιχεία στο γραφιστικό μυθιστόρημα (graphic novel) :   |b τα παραδείγματα του Maus και του Logicomix : διπλωματική εργασία [μεταπτυχιακή εργασία] /   |c Πάττα Ευγενία ; επιβλέπουσα καθηγήτρια: Θεοδωροπούλου Έλενα.  
260 |c 2016.  
300 |a 132 σ. :   |b πίν., εικ. ;   |c 30 εκ.  
502 |a Διατριβή (μεταπτυχιακή) – Πανεπιστήμιο Αιγαίου, Ρόδος, 2016. 
504 |a Βιβλιογραφία: σ. 126-132.  
506 1 |a Διάθεση μόνο λέξεων κλειδιών-περιλήψεων.  
650 0 |a Graphic novels. 
650 0 |a Graphic arts  |x Juvenile literature. 
650 0 |a Literature, Modern  |x Philosophy. 
650 0 |a Philosophy in literature. 
650 0 |a Comic, The, in literature. 
650 0 |a Children's literature. 
700 1 |a Θεοδωροπούλου, Έλενα Κ.  |e dgsf 
710 2 |a Πανεπιστήμιο Αιγαίου.   |b Σχολή Ανθρωπιστικών Επιστημών.   |b Τμήμα Επιστημών της Προσχολικής Αγωγής και του Εκπαιδευτικού Σχεδιασμού.   |b Μεταπτυχιακό Πρόγραμμα Σπουδών Παιδικό Βιβλίο και Παιδαγωγικό Υλικό. 
852 |a INST  |b RHODES  |c DIATR  |e 20160909  |h 741.5 ΠΑΤ  |p 005400038715  |q 005400038715  |t MTXE  |y 23 
856 |u http://hdl.handle.net/11610/17445 
924 |a Πάττα   |b Ευγενία   |y Ρόδος  |z 2016-06  
970 |z 09-09-2016